000 00683cam a2200217 4500
001 WB3546-28
008 000000n1999 000 0 eng u
035 _a(Sirsi) u102701
245 _aIndustry body slates government
260 _c1999
490 _aProperty Week
_v 19 November 1999, 2(1)
520 _aIn separate submissions, the RICS and the BPF attacked government over its stance on stamp duty increases and its failure to progess on securitisation.
590 _aWB
650 _aINVESTMENT VEHICLES
650 _aSTAMP DUTY
650 _aRICS
650 _aBPF
650 _aSECURITISATION
690 _aPROPERTY-PROPERTY FINANCE AND INVESTMENT
942 _n0
999 _c61689
_d61689